| 000 | 00708nam a2200241 i 4500 | ||
|---|---|---|---|
| 001 | bg | ||
| 100 | 1 | _aBARNES, Annette | |
| 245 | 1 | 0 |
_aHave fun with vocabulary! : _bquizzes for English classes / _cAnnette Barnes, Jean Hines and Jennie Weldon. |
| 260 |
_aLondon : _bPenguin Books, _c1996. |
||
| 300 |
_aV, 151 s. : _brys. ; _c30 cm. |
||
| 650 | 9 |
_aJęzyk angielski _xnauczanie |
|
| 650 | 9 |
_aJęzyk angielski _xsłownictwo |
|
| 655 | _aPodręczniki | ||
| 700 | 1 | _aHINES, Jean | |
| 700 | 1 | _aWELDON, Jennie | |
| 020 | _a0140815627 | ||
| 040 | _cBPK | ||
| 041 | 0 | _aen | |
| 080 | _a372.881.111.1:811.111'37](07) | ||
| 920 | _a0-14-081562-7 | ||
| 942 | _cKS | ||
| 008 | s pl f |000 0 pol | ||
| 999 |
_c40396 _d40396 |
||